Detalles MARC
| 000 -CABECERA |
| Longitud fija campo de control |
03018nam a2200433.c 4500 |
| 001 - NÚMERO DE CONTROL |
| Número de control |
52603 |
| 003 - IDENTIFICADOR DE NÚMERO DE CONTROL |
| Identificador del número de control |
ES-MaCES |
| 005 - FECHA Y HORA DE LA ÚLTIMA TRANSACCIÓN |
| Fecha y hora de la última transacción |
20250203134106.0 |
| 008 - CAMPO FIJO DE DESCRIPCIÓN FIJA--INFORMACIÓN GENERAL |
| Códigos de información de longitud fija |
221215s2022 uk ||||| |||||||||||eng|d |
| 020 ## - ISBN (INTERNATIONAL STANDARD BOOK NUMBER) |
| Número Internacional Normalizado para Libros (ISBN) |
9781838601379 (pb) |
| 040 ## - FUENTE DE CATALOGACIÓN |
| Centro catalogador de origen |
ES-MaCES |
| Lengua de catalogación |
spa |
| Centro transcriptor |
ES-MaCES |
| 100 1# - ENCABEZAMIENTO PRINCIPAL--NOMBRE PERSONAL |
| 9 (RLIN) |
40562 |
| Nombre de persona |
Pieper, Moritz |
| 245 14 - MENCIÓN DE TÍTULO |
| Título |
The making of Eurasia |
| Resto del título |
: competition and cooperation between China's belt and road initiative and Russia |
| Mención de responsabilidad, etc. |
Moritz Pieper |
| 250 ## - MENCIÓN DE EDICIÓN |
| Mención de edición |
1st ed |
| 260 ## - PUBLICACIÓN, DISTRIBUCIÓN, ETC (PIE DE IMPRENTA) |
| Lugar de publicación, distribución, etc. |
London [etc.] |
| Nombre del editor, distribuidor, etc. |
I.B. Tauris |
| Fecha de publicación, distribución, etc. |
2022 |
| 300 ## - DESCRIPCIÓN FÍSICA |
| Extensión |
XIII, [1 h.], 166 p. |
| Dimensiones |
24 cm |
| 500 ## - NOTA GENERAL |
| Nota general |
Índices |
| 504 ## - NOTA DE BIBLIOGRAFÍA, ETC. |
| Nota de bibliografía, etc. |
Bibliografía: p. 146-159 |
| 520 3# - RESUMEN, ETC. |
| Sumario, etc, |
The Making of Eurasia investiga el espectro de múltiples capas de las políticas euroasiáticas de China y Rusia entre sí, que van desde la competencia hasta la cooperación, así como el papel de los actores regionales en el medio. El libro examina el impacto y las respuestas a la dinámica interacción chino-rusa a raíz de la iniciativa de la Franja y la Ruta de China, centrándose en los estudios de casos seleccionados de Kazajstán, Mongolia y Uzbekistán, pero también en las implicaciones interregionales en todo el espacio euroasiático. Con la impronta de China en la política interregional y la ambición de hacer una contribución china distintiva a la 'globalización' y la visión de Rusia de una 'Gran Eurasia' en la que Moscú se adjudica un lugar como potencia indispensable, otros actores regionales adoptan políticas que responden y co-forman las fuerzas centrífugas resultantes. Mientras tanto, los cambios de poder están en marcha en un plano global, ya que la división normativa entre Rusia y Occidente se ha ampliado y la rivalidad chino-estadounidense se está intensificando. Por lo tanto, el libro también arroja luz sobre los efectos de los cambios de poder de Eurasia en la gobernanza mundial en un contexto en el que se cuestiona el "liderazgo" mundial y en el que EE. UU. y Europa están redefiniendo su relación no solo hacia una China segura de sí misma, sino también hacia uno hacia el otro. Como tal, este estudio proporcionará información valiosa para estudiantes y académicos de estudios de Asia euroasiática, análisis de política exterior y relaciones internacionales en general. |
| 541 ## - NOTA DE LA FUENTE INMEDIANTE DE ADQUISICIÓN |
| Forma de adquisición |
Compra |
| 650 #4 - ASIENTO SECUNDARIO DE MATERIA--TÉRMINO DE MATERIA |
| 9 (RLIN) |
26675 |
| Término de materia o nombre geográfico como elemento inicial |
relaciones internacionales |
| 650 #4 - ASIENTO SECUNDARIO DE MATERIA--TÉRMINO DE MATERIA |
| 9 (RLIN) |
26673 |
| Término de materia o nombre geográfico como elemento inicial |
relaciones económicas |
| 650 #4 - ASIENTO SECUNDARIO DE MATERIA--TÉRMINO DE MATERIA |
| 9 (RLIN) |
30653 |
| Término de materia o nombre geográfico como elemento inicial |
globalización económica |
| 650 #4 - ASIENTO SECUNDARIO DE MATERIA--TÉRMINO DE MATERIA |
| 9 (RLIN) |
29223 |
| Término de materia o nombre geográfico como elemento inicial |
nuevo orden económico internacional |
| 650 #4 - ASIENTO SECUNDARIO DE MATERIA--TÉRMINO DE MATERIA |
| 9 (RLIN) |
26687 |
| Término de materia o nombre geográfico como elemento inicial |
política exterior |
| 650 #4 - ASIENTO SECUNDARIO DE MATERIA--TÉRMINO DE MATERIA |
| 9 (RLIN) |
26636 |
| Término de materia o nombre geográfico como elemento inicial |
cooperación regional |
| 650 #4 - ASIENTO SECUNDARIO DE MATERIA--TÉRMINO DE MATERIA |
| 9 (RLIN) |
26635 |
| Término de materia o nombre geográfico como elemento inicial |
cooperación internacional |
| 650 #4 - ASIENTO SECUNDARIO DE MATERIA--TÉRMINO DE MATERIA |
| 9 (RLIN) |
27897 |
| Término de materia o nombre geográfico como elemento inicial |
competencia |
| 650 #4 - ASIENTO SECUNDARIO DE MATERIA--TÉRMINO DE MATERIA |
| 9 (RLIN) |
26909 |
| Término de materia o nombre geográfico como elemento inicial |
China |
| 650 #4 - ASIENTO SECUNDARIO DE MATERIA--TÉRMINO DE MATERIA |
| 9 (RLIN) |
30484 |
| Término de materia o nombre geográfico como elemento inicial |
Rusia, Federación (1991- ) |
| 650 #4 - ASIENTO SECUNDARIO DE MATERIA--TÉRMINO DE MATERIA |
| 9 (RLIN) |
26905 |
| Término de materia o nombre geográfico como elemento inicial |
Asia |
| 650 #4 - ASIENTO SECUNDARIO DE MATERIA--TÉRMINO DE MATERIA |
| 9 (RLIN) |
26940 |
| Término de materia o nombre geográfico como elemento inicial |
Europa |
| 650 #4 - ASIENTO SECUNDARIO DE MATERIA--TÉRMINO DE MATERIA |
| 9 (RLIN) |
26752 |
| Término de materia o nombre geográfico como elemento inicial |
UE |
| 650 #4 - ASIENTO SECUNDARIO DE MATERIA--TÉRMINO DE MATERIA |
| 9 (RLIN) |
28373 |
| Término de materia o nombre geográfico como elemento inicial |
Estados Unidos |
| 650 #4 - ASIENTO SECUNDARIO DE MATERIA--TÉRMINO DE MATERIA |
| 9 (RLIN) |
28776 |
| Término de materia o nombre geográfico como elemento inicial |
geografía política |
| 653 10 - TÉRMINO DE INDEXACIÓN--NO CONTROLADO |
| Término no controlado |
Ciencias Sociales-Políticas |
| 902 ## - CES. TIPO DE DOCUMENTO |
| Tipodoc (006$c Sirtex) |
LIB Libro |
| 942 ## - ELEMENTOS KOHA |
| Fuente de clasificaión o esquema |
Clasificación propia del CES |
| Koha [por defecto] tipo de item |
Monografías |
| Parte de clasificación |
Ciencias Sociales Politicas Empresariale |